Bài tập & bài giải quản trị vận hành hiện đại (Quản trị sản xuất và dịch vụ) : Tình huống thực hành ứng dụng của các công ty Việt Nam
Giới thiệu nội dung cơ bản về quản trị vận hành hiện đại như: dự báo, hoạch định công xuất sản xuất và dịch vụ; bố trí mặt bằng sản xuất, dịch vụ; hoạch định tổng hợp; quản trị tồn kho; hoạch định nhu cầu vật tư; điều độ tác nghiệp...
Na minha lista:
| Autor principal: | |
|---|---|
| Formato: | Livro |
| Idioma: | Undetermined |
| Publicado em: |
Hà Nội
Tài chính
2015
|
| Assuntos: | |
| Tags: |
Adicionar Tag
Sem tags, seja o primeiro a adicionar uma tag!
|
| Thư viện lưu trữ: | Trung tâm Học liệu Trường Đại học Cần Thơ |
|---|
| LEADER | 01250nam a2200217Ia 4500 | ||
|---|---|---|---|
| 001 | CTU_202747 | ||
| 008 | 210402s9999 xx 000 0 und d | ||
| 020 | |c 98000 | ||
| 082 | |a 658.5 | ||
| 082 | |b Tr106 | ||
| 100 | |a Đặng, Minh Trang | ||
| 245 | 0 | |a Bài tập & bài giải quản trị vận hành hiện đại (Quản trị sản xuất và dịch vụ) : | |
| 245 | 0 | |b Tình huống thực hành ứng dụng của các công ty Việt Nam | |
| 245 | 0 | |c Đặng Minh Trang, Lưu Đan Thọ | |
| 260 | |a Hà Nội | ||
| 260 | |b Tài chính | ||
| 260 | |c 2015 | ||
| 520 | |a Giới thiệu nội dung cơ bản về quản trị vận hành hiện đại như: dự báo, hoạch định công xuất sản xuất và dịch vụ; bố trí mặt bằng sản xuất, dịch vụ; hoạch định tổng hợp; quản trị tồn kho; hoạch định nhu cầu vật tư; điều độ tác nghiệp; quản trị, hoạch định dự án; quản trị chất lượng sản xuất, dịch vụ | ||
| 650 | |a Quản trị sản xuất,Production management | ||
| 904 | |i Nguyên | ||
| 980 | |a Trung tâm Học liệu Trường Đại học Cần Thơ | ||